đŸȘ©Daft Punk - Un clip, Un morceau - Statistiques

Statistiques générales
  • Ce quiz a Ă©tĂ© pris 27 fois
  • Le rĂ©sultat moyen est 10 sur 25
Statistiques - réponses
Par images Réponse % Correct
Get Lucky (Random Access Memories)
92%
One More Time (Discovery)
84%
Around The World (Homework)
72%
Harder, Better, Faster, Stronger (Discovery)
68%
Da Funk (Homework)
64%
Technologic (Human After All)
60%
Digital Love (Discovery)
56%
Robot Rock (Human After All)
56%
Veridis Quo (Discovery)
48%
Face to Face (Discovery)
40%
Revolution 909 (Homework)
40%
Human After All (Human After All)
36%
Something About Us (Discovery)
36%
Superheroes (Discovery)
36%
Too Long (Discovery)
36%
Crescendolls (Discovery)
28%
Short Circuit (Discovery)
24%
Touch (Random Access Memories)
24%
Burnin' (Homework)
20%
Fresh (Homework)
20%
High Life (Discovery)
20%
Voyager (Discovery)
20%
The Prime Time of Your Life (Human After All)
12%
Within (Human After All)
4%
Insant Crush (Random Access Memories)
0%
Aucun quiz correspondant
Distribution des résultats
% des personnes avec chaque résultat
Percentile par nombre de réponses
Votre historique - résultats
Vous n’avez pas pris ce quiz